這裡沒有英雄 : (Record no. 7706)
[ view plain ]
| 000 -LEADER | |
|---|---|
| fixed length control field | 00945cam a2200301 i 4500 |
| 001 - CONTROL NUMBER | |
| control field | 1030035 |
| 003 - CONTROL NUMBER IDENTIFIER | |
| control field | YEEZEN |
| 005 - DATE AND TIME OF LATEST TRANSACTION | |
| control field | 20260410142627.0 |
| 008 - FIXED-LENGTH DATA ELEMENTS--GENERAL INFORMATION | |
| fixed length control field | 210809s2021 ch a g 000 e chi d |
| 020 ## - INTERNATIONAL STANDARD BOOK NUMBER | |
| International Standard Book Number | 9789570859287 |
| Qualifying information | (平裝) : |
| Terms of availability | NT$340 |
| 040 ## - CATALOGING SOURCE | |
| Original cataloging agency | AS |
| Language of cataloging | chi |
| Description conventions | rda |
| Transcribing agency | AS |
| Modifying agency | PTTCL |
| 041 0# - LANGUAGE CODE | |
| Language code of text/sound track or separate title | chi |
| 042 ## - AUTHENTICATION CODE | |
| Authentication code | nbic |
| 082 ## - DEWEY DECIMAL CLASSIFICATION NUMBER | |
| Classification number | 863.55 |
| 084 ## - OTHER CLASSIFICATION NUMBER | |
| Classification number | 863.55 |
| 090 ## - LOCALLY ASSIGNED LC-TYPE CALL NUMBER (OCLC); LOCAL CALL NUMBER (RLIN) | |
| Classification number (OCLC) (R) ; Classification number, CALL (RLIN) (NR) | 863.55 |
| 100 0# - MAIN ENTRY--PERSONAL NAME | |
| Personal name | 胖鳥 |
| 245 10 - TITLE STATEMENT | |
| Title | 這裡沒有英雄 : |
| Remainder of title | 急診室醫師的COVID-19一線戰記 = Emergency doctors' frontline battles against COVID-19 / |
| Statement of responsibility, etc. | 胖鳥著 |
| 246 1# - VARYING FORM OF TITLE | |
| Title proper/short title | 急診室醫師的COVID-19一線戰記 |
| 246 31 - VARYING FORM OF TITLE | |
| Title proper/short title | Emergency doctors' frontline battles against COVID-19. |
| 250 ## - EDITION STATEMENT | |
| Edition statement | 初版 |
| 260 ## - PUBLICATION, DISTRIBUTION, ETC. | |
| Place of publication, distribution, etc. | 新北市 : |
| Name of publisher, distributor, etc. | 聯經出版 : |
| -- | 聯合發行總經銷, |
| Date of publication, distribution, etc. | 2021.07. |
| 300 ## - PHYSICAL DESCRIPTION | |
| Extent | [8], 287 面 : |
| Other physical details | 彩圖 ; |
| Dimensions | 21 公分 |
| 490 0# - SERIES STATEMENT | |
| Series statement | 聯經文庫 |
| 650 #7 - SUBJECT ADDED ENTRY--TOPICAL TERM | |
| Topical term or geographic name entry element | 臺灣文學 |
| Source of heading or term | lcstt. |
| 650 #7 - SUBJECT ADDED ENTRY--TOPICAL TERM | |
| Topical term or geographic name entry element | 散文 |
| Source of heading or term | lcstt. |
| 942 ## - ADDED ENTRY ELEMENTS (KOHA) | |
| Source of classification or shelving scheme | 中文圖書分類法 |
| Koha item type | 一般圖書 |
| 撤銷狀態 | 遺失狀態 | 分類號來源 | 損壞狀態 | 不外借 | 永久館藏地 | 現在館藏地 | 書架位置 | 採購日期 | 全部借出 | 完整索書號 | 條碼號 | 最後一次日期記錄 | 一般價格有效日期 | Koha館藏類型 | 公開資訊 |
|---|---|---|---|---|---|---|---|---|---|---|---|---|---|---|---|
| 未註銷館藏 | 未遺失 | 中文圖書分類法 | 未損毀 | 可外借 | 怡仁綜合醫院圖書館 | 怡仁綜合醫院圖書館 | 2026-04-10 | 863.55 | C03289 | 2026-04-10 | 2026-04-10 | 一般圖書 | 這是一首急診之詩,一曲醫療前線醫師之歌。 他們憤怒、憂傷、焦躁,卻始終緊握希望的螢光, 在無數次絕望中,浴火重生。 暴起的疫情是猛獸,它無形、無體、無心,而人要面對的,是它徹底的無情。 在醫療現場,沒有神與英雄,只有與死亡對抗的人。 |